banner-ar

القذف والسب والبلاغ الكاذب وافشاء الاسرار والشهادة الزور (Record no. 59164)

MARC details
000 -الفاتح
حقل البيانات ثابتة الطول 00533nam a2200157Ia 4500
005 - وقت وتاريخ اخر تعامل مع التسجيلة
رقم الضبط 20240530110154.0
008 - عناصر البيانات ثابتة الطول - معلومات عامة
حقل البيانات ثابتة الطول 140319s9999 xx 000 0 ara d
040 ## - مصدر الفهرسة
وكالة الفهرسة الأصلية GCL /
وكالة النسخ GCL
082 04 - رقم تصنيف ديوى العشرى
رقم التصنيف 364.156
رقم المادة م ق
100 0# - المدخل الرئيسى - إسم شخصى
الإسم الشخصى معوض عبدالتواب
245 10 - بيان العنوان
العنوان القذف والسب والبلاغ الكاذب وافشاء الاسرار والشهادة الزور
بيان المسئوليه,etc معوض عبدالتواب
260 ## - PUBLICATION, DISTRIBUTION, ETC. (IMPRINT)
تاريخ النشر أو التوزيع 1988
300 ## - الوصف المادى
التعداد 388 ص
942 ## - عناصر المدخل الإضافي( كوها)
مصدر التصنيف او مخطط الترفيف Dewey Decimal Classification
Koha [default] item type كتاب
260 ## - PUBLICATION, DISTRIBUTION, ETC. (IMPRINT)
-- [S.N] :
-- دار المطبوعات الجامعية ،
Holdings
حالة التراجع حالة الفقد حالة تلف ليس للاعارة المكان المؤقت الموقع الحالى تاريخ الاكتساب اجمالي اﻻعارات رقم الطلب الباركود تاريخ اخر مشاهدة تاريخ تفعيل السعر نوع وعاء كوها
        مكتبة القاهرة الكبرى مكتبة القاهرة الكبرى 03/26/2014   364.156\م ق 153425 03/26/2014 03/26/2014 كتاب

Powered By

EGPV